[Event "Cento op 1st"]
[Site "Cento"]
[Date "2011.02.12"]
[Round "9"]
[White "Umudova, Nargiz"]
[Black "Baldazzi, Stefano"]
[Result "1/2-1/2"]
[WhiteElo "2246"]
[BlackElo "2180"]
[PlyCount "87"]
[EventDate "2011.02.05"]
[EventType "swiss"]
[EventRounds "9"]
[EventCountry "ITA"]
[SourceTitle "CBM 140 Extra"]
[Source "ChessBase"]
[SourceDate "2011.03.01"]
[SourceVersion "1"]
[SourceVersionDate "2011.03.01"]
[SourceQuality "1"]

1. e4 c5 2. Nf3 d6 3. d4 cxd4 4. Qxd4 a6 5. Bc4 Nc6 6. Qd3 e6 7. Nc3 b5 8. Bb3 Qc7 9. 0-0 Be7 10. Nd4 Nxd4 11. Qxd4 Nf6 12. a4 bxa4 13. Bxa4+ Kf8 14. Kh1 Bb7 15. f4 Rd8 16. Bd2 h5 17. Bb3 h4 18. h3 Nh5 19. Rfe1 Ng3+ 20. Kh2 Rh5 21. Ra4 Rc5 22. Nd1 d5 23. e5 Nf5 24. Qf2 Rxc2 25. Bxc2 Qxc2 26. Ra1 Bc5 27. Qe2 Ng3 28. Ne3 Qxb2 29. Qd3 Qd4 30. Qxd4 Bxd4 31. Rab1 Bc6 32. Bb4+ Kg8 33. Be7 Rd7 34. Bxh4 Bxe3 35. Kxg3 d4 36. Rb8+ Kh7 37. Rc8 Be4 38. Rd8 Rb7 39. Kg4 Bxg2 40. Ra1 Be4 41. Bg3 Rb1 42. Rxb1 Bxb1 43. Kf3 a5 44. Bf2 1/2-1/2

[Event "Cento op 1st"]
[Site "Cento"]
[Date "2011.02.10"]
[Round "6"]
[White "Baldazzi, Stefano"]
[Black "Bentivegna, Francesco"]
[Result "1/2-1/2"]
[WhiteElo "2180"]
[BlackElo "2348"]
[PlyCount "35"]
[EventDate "2011.02.05"]
[EventType "swiss"]
[EventRounds "9"]
[EventCountry "ITA"]
[SourceTitle "CBM 140 Extra"]
[Source "ChessBase"]
[SourceDate "2011.03.01"]
[SourceVersion "1"]
[SourceVersionDate "2011.03.01"]
[SourceQuality "1"]

1. c4 e5 2. g3 c6 3. d4 e4 4. d5 Bb4+ 5. Bd2 Qe7 6. a3 Bxd2+ 7. Qxd2 Nf6 8. Nc3 cxd5 9. Nxd5 Nxd5 10. Qxd5 0-0 11. Bg2 Re8 12. Nh3 Nc6 13. 0-0 d6 14. Rad1 Bxh3 15. Bxh3 Rad8 16. b4 Qf6 17. b5 Na5 18. Qd4 1/2-1/2

[Event "Cento op 1st"]
[Site "Cento"]
[Date "2011.02.07"]
[Round "3"]
[White "Monducci, Mirko"]
[Black "Baldazzi, Stefano"]
[Result "0-1"]
[WhiteElo "1925"]
[BlackElo "2180"]
[PlyCount "98"]
[EventDate "2011.02.05"]
[EventType "swiss"]
[EventRounds "9"]
[EventCountry "ITA"]
[SourceTitle "CBM 140 Extra"]
[Source "ChessBase"]
[SourceDate "2011.03.01"]
[SourceVersion "1"]
[SourceVersionDate "2011.03.01"]
[SourceQuality "1"]

1. d4 Nf6 2. Nf3 c5 3. e3 g6 4. c3 b6 5. Bd3 Bb7 6. Nbd2 Bg7 7. 0-0 0-0 8. Re1 d6 9. e4 Nh5 10. Nf1 e5 11. d5 a6 12. c4 Nf4 13. Bxf4 exf4 14. Rb1 Nd7 15. Qd2 g5 16. g3 Ne5 17. Nxe5 Bxe5 18. Qc2 Bc8 19. Nd2 g4 20. Nf1 Qf6 21. b3 Bd7 22. gxf4 Qxf4 23. Qc1 Qf6 24. Ng3 Kh8 25. Qd1 Rg8 26. Rf1 Qh4 27. Kh1 Raf8 28. Rg1 f5 29. exf5 Rxf5 30. Rg2 Rf6 31. Qe2 Rgf8 32. Rbg1 Rh6 33. Rf1 Rf3 34. Be4 Qf6 35. Rd1 Rh3 36. Rdg1 Bd4 37. Bxf3 gxf3 38. Qe4 fxg2+ 39. Rxg2 Rh4 40. Qe2 Qe5 41. Qf3 Rf4 42. Qe2 Bh3 43. Qxe5+ Bxe5 44. Rg1 Rxf2 45. a3 Bxg3 46. hxg3 Rf1 47. b4 Kg7 48. b5 a5 49. Kh2 Kf6 0-1

[Event "Bratto op 25th"]
[Site "Bratto"]
[Date "2005.08.27"]
[Round "8"]
[White "Cedriano, Filippo"]
[Black "Baldazzi, Stefano"]
[Result "1-0"]
[WhiteElo "2005"]
[BlackElo "2165"]
[PlyCount "61"]
[EventDate "2005.08.20"]
[EventType "swiss"]
[EventRounds "9"]
[EventCountry "ITA"]
[SourceTitle "CBM 108 Extra"]
[Source "ChessBase"]
[SourceDate "2005.11.04"]
[SourceVersion "1"]
[SourceVersionDate "2005.11.04"]
[SourceQuality "1"]

1. Nf3 c5 2. c4 g6 3. Nc3 Bg7 4. e4 Nc6 5. d3 d6 6. g3 Nd4 7. Nxd4 cxd4 8. Ne2 e5 9. Bg2 Ne7 10. 0-0 0-0 11. f4 Rb8 12. fxe5 dxe5 13. b4 Be6 14. a4 Qd7 15. Kh1 f5 16. Ng1 h6 17. Bd2 Rf7 18. Qe2 Rbf8 19. exf5 Bxf5 20. b5 Bg4 21. Bf3 Bxf3+ 22. Rxf3 Rxf3 23. Nxf3 Qg4 24. Rf1 Rf7 25. Rf2 Nf5 26. Ng1 Qxe2 27. Rxe2 Re7 28. Nh3 Kf7 29. Nf2 Ke6 30. Ne4 Nd6 31. Nxd6 1-0

[Event "Bratto op 25th"]
[Site "Bratto"]
[Date "2005.08.24"]
[Round "5"]
[White "Baldazzi, Stefano"]
[Black "Lucaroni, Massimiliano"]
[Result "1-0"]
[WhiteElo "2165"]
[BlackElo "2318"]
[PlyCount "65"]
[EventDate "2005.08.20"]
[EventType "swiss"]
[EventRounds "9"]
[EventCountry "ITA"]
[SourceTitle "CBM 108 Extra"]
[Source "ChessBase"]
[SourceDate "2005.11.04"]
[SourceVersion "1"]
[SourceVersionDate "2005.11.04"]
[SourceQuality "1"]

1. c4 e6 2. g3 f5 3. Bg2 Nf6 4. e3 Be7 5. Ne2 0-0 6. Nbc3 d6 7. 0-0 c6 8. d3 e5 9. f4 a5 10. a3 Qe8 11. h3 Bd8 12. Rb1 Bb6 13. Na4 Bc7 14. c5 dxc5 15. Nxc5 b6 16. Na4 Kh8 17. Nac3 Be6 18. Nb5 cxb5 19. Bxa8 e4 20. b4 exd3 21. Nd4 Bc4 22. Bd2 Ne4 23. Kh2 Nd7 24. Bxe4 Qxe4 25. bxa5 bxa5 26. Nxb5 Bb8 27. Qf3 Nc5 28. Nd4 a4 29. Bb4 Qxf3 30. Nxf3 Ba7 31. Rbc1 Bd5 32. Bxc5 Bxf3 33. Bxf8 1-0

[Event "Bratto op 25th"]
[Site "Bratto"]
[Date "2005.08.22"]
[Round "3"]
[White "Baldazzi, Stefano"]
[Black "Mogranzini, Roberto"]
[Result "0-1"]
[WhiteElo "2165"]
[BlackElo "2369"]
[PlyCount "141"]
[EventDate "2005.08.20"]
[EventType "swiss"]
[EventRounds "9"]
[EventCountry "ITA"]
[SourceTitle "CBM 108 Extra"]
[Source "ChessBase"]
[SourceDate "2005.11.04"]
[SourceVersion "1"]
[SourceVersionDate "2005.11.04"]
[SourceQuality "1"]

1. c4 Nf6 2. g3 g6 3. Bg2 Bg7 4. Nc3 0-0 5. e4 d6 6. Nge2 c6 7. d3 a6 8. 0-0 e5 9. a4 a5 10. h3 Na6 11. Be3 Nb4 12. f4 Nd7 13. f5 Nc5 14. Nc1 b6 15. Qd2 f6 16. N3a2 Nxa2 17. Rxa2 Ra7 18. Ne2 Na6 19. Nc3 Nb4 20. Raa1 gxf5 21. exf5 d5 22. cxd5 cxd5 23. d4 Ba6 24. Rfc1 e4 25. Bf1 Bxf1 26. Rxf1 Rc7 27. Rf4 Kh8 28. Rg4 Rff7 29. Bf4 Rc4 30. Rf1 Bf8 31. Be3 Nd3 32. Qe2 Bb4 33. Nxe4 dxe4 34. Rxe4 Qc7 35. Rg4 Nc1 36. Qd1 Na2 37. Qb1 Rg7 38. Rxg7 Kxg7 39. Kh2 Rc2+ 40. Rf2 Rxf2+ 41. Bxf2 Qc4 42. Qe4 Bd6 43. Qe8 Qc7 44. Qe4 Nb4 45. Qg4+ Kh8 46. Qh4 Qe7 47. Kg2 Nd3 48. b3 Nxf2 49. Kxf2 Bb4 50. Kf3 Qf7 51. Ke4 Qb7+ 52. Ke3 Qc6 53. g4 Qc3+ 54. Ke4 Qc2+ 55. Kd5 Qxb3+ 56. Kc6 Qc4+ 57. Kxb6 Qxd4+ 58. Kc7 Bd6+ 59. Kc8 Be5 60. Qh6 Qd6 61. Kb7 Qc7+ 62. Ka6 Qc6+ 63. Ka7 Bd4+ 64. Kb8 Qe8+ 65. Kc7 Qe7+ 66. Kc6 Be3 67. Qh5 Kg7 68. Qh4 Qe4+ 69. Kd6 Bf4+ 70. Kc5 Bg5 71. Qh5 0-1

[Event "Lisbon op"]
[Site "Lisbon"]
[Date "2001.08.22"]
[Round "2"]
[White "Ferreira, Paulo"]
[Black "Baldazzi, Stefano"]
[Result "0-1"]
[WhiteElo "2060"]
[BlackElo "2147"]
[PlyCount "106"]
[EventDate "2001.08.21"]
[EventType "swiss"]
[EventRounds "9"]
[EventCountry "POR"]
[SourceTitle "EXT 2002"]
[Source "ChessBase"]
[SourceDate "2001.11.25"]
[SourceVersion "1"]
[SourceVersionDate "2001.11.25"]
[SourceQuality "1"]

1. d4 Nf6 2. c4 c5 3. d5 b5 4. cxb5 a6 5. bxa6 Bxa6 6. Nc3 d6 7. g3 g6 8. Nh3 Bg7 9. Nf4 Nbd7 10. Qc2 Ne5 11. Bd2 Qb6 12. b3 Nfg4 13. Na4 Qb7 14. Rb1 Bb5 15. h3 Nf6 16. Nc3 Bd7 17. Bg2 Qa6 18. 0-0 0-0 19. Rfe1 g5 20. Nd3 Bf5 21. Rbd1 g4 22. hxg4 Nfxg4 23. Bg5 c4 24. bxc4 Qxc4 25. Nxe5 Bxc2 26. Nxc4 Bxc3 27. Bxe7 Rfe8 28. Bxd6 Rxa2 29. Bf3 Nf6 30. Bf4 Bxe1 31. Rxe1 Bb3 32. Ne3 Ne4 33. d6 Nc5 34. Bc6 Rd8 35. Nf5 f6 36. Be3 Nd7 37. Rb1 Ne5 38. Ne7+ Kf7 39. Bc5 Be6 40. Nd5 Nxc6 41. Nf4 Ne5 42. Rb7+ Rd7 43. Rb8 Bf5 44. f3 Rc2 45. Bb4 Nc6 46. Rb5 Nxb4 47. Rxf5 Rxd6 48. Rb5 Nc6 49. Rb7+ Ne7 50. g4 Rcd2 51. Kf2 Rd7 52. Rb8 Ng6 53. Nh5 Re7 0-1